| 000 | 00613nam a2200205 u 4500 | ||
|---|---|---|---|
| 005 | 20240315063704.0 | ||
| 008 | 150311s2006 mx r 000 0 spa d | ||
| 020 | _a9685901074 | ||
| 035 | _aUPN01000202442 | ||
| 049 | _aI | ||
| 050 | 4 |
_aQL676.2 _bC3.2 |
|
| 100 | 1 |
_aCaballero Leal, Laura Patricia _933109 |
|
| 245 | 1 | 1 |
_a¡Averigua por qué-- tantas plumas! / _cLaura Patricia Caballero Leal. |
| 260 |
_aMéxico : _bConstantine, _c2006. |
||
| 300 |
_a24 p. : _bil. col. |
||
| 440 | 3 | _aLa pandilla del conocimiento | |
| 650 | 2 |
_aAves _vLiteratura infantil _919835 |
|
| 905 | _aInfantil | ||
| 999 |
_c174543 _d174543 |
||